000 00506nam a22001937a 4500
005 20260325161622.0
008 260325b |||||||| |||| 00| 0 eng d
020 _a978-0-670-08557-6
041 _aEnglish
082 _21st 2025
_aX 823.92 DES B12842
100 _aDesai, Kiran
_9217302
245 _aThe Loneliness of Sonia and Sunny
250 _a1st 2025
260 _aHaryana
_bPenguin Random House
_c2025
300 _a670p
_bHB
365 _aRupaye
_b596
_cINR
500 _aNovel
942 _cBK
999 _c370782
_d370782